Diario de grandes felinos: leopardos (Registro nro. 11042)
[ vista simple ]
| 000 -Cabecera | |
|---|---|
| Campo de control de longitud fija | 00630nam a22002537a 4500 |
| 005 - Fecha y hora de la última transacción | |
| Campo de control | 20240822174424.0 |
| 008 - Elementos de longitud fija--Información general | |
| Campo de control de longitud fija | 180822b2006 CR ||||| |||| 00| 0 spa d |
| 020 ## - International Standard Book Number | |
| Número Internacional Estándar del Libro (ISBN) | 9681680332 |
| 041 ## - Idioma | |
| Código de idioma | Español |
| 082 ## - Clasificación Decimal Dewey | |
| Número de clasificación | 599.755.4 S425d |
| 100 ## - Entrada principal--Autor personal | |
| Nombre personal | Scott, Jonathan |
| 9 (RLIN) | 49393 |
| 100 ## - Entrada principal--Autor personal | |
| Nombre personal | Scott, Angela |
| 9 (RLIN) | 49394 |
| 245 ## - Título propiamente dicho | |
| Título | Diario de grandes felinos: leopardos |
| 260 ## - Pie de imprenta | |
| Lugar de publicación, distribución, etc. | México |
| 260 ## - Pie de imprenta | |
| Nombre del editor, distribuidor, etc. | Fondo de Cultura Económica |
| 260 ## - Pie de imprenta | |
| Fecha de publicación, distribución, etc. | 2006 |
| 300 ## - Descripción física | |
| Extensión | 135 páginas |
| 505 ## - Nota de contenido | |
| Nota de contenido | Incluye fotografías a color |
| 650 ## - Materia general | |
| Temática (materia general) | LEOPARDOS |
| 650 ## - Materia general | |
| Temática (materia general) | FELINOS |
| 650 ## - Materia general | |
| Temática (materia general) | HABITÁT |
| 942 ## - Punto de acceso adicional KOHA | |
| Tipo de ítem KOHA | Libro |
| Fuente del sistema de clasificación o colocación | Dewey Decimal Classification |
| Signatura completa | Código de barras | Programa Académico | Tipo de ítem |
|---|---|---|---|
| 599.755.4 S425d | 23365 | Turismo | Libro |